Great Literature #32 - Statistics

General Stats
  • This quiz has been taken 130 times
  • The average score is 9 of 20
Answer Stats
Hint Explanation Answer % Correct
The Tale of Peter Rabbit 1901 Beatrix Potter
93%
The Wealth of Nations 1776 Adam Smith
83%
The Code of the Woosters 1938 P. G. Wodehouse
68%
One Day in the Life of Ivan Denisovich 1962 (Один день Ивана Денисовича) Aleksandr Solzhenitsyn
65%
The Pillars of the Earth 1989 Ken Follett
59%
Notes from the Underground 1864 (Записки изъ подполья) Fyodor Dostoyevsky
51%
Main Street 1920 Sinclair Lewis
51%
The Crying of Lot 49 1966 Thomas Pynchon
48%
The Left Hand of Darkness 1969 Ursula K. Le Guin
48%
The Rainbow 1915 D. H. Lawrence
41%
If I Forget Thee, Jerusalem 1939 William Faulkner
41%
Jakob von Gunten 1909 (Jakob von Gunten. Ein Tagebuch) Robert Walser
36%
Arrow of God 1964 Chinua Achebe
35%
Revolutionary Road 1961 Richard Yates
35%
Hopscotch 1963 (Rayuela) Julio Cortázar
34%
How to Be Both 2014 Ali Smith
29%
Nights at the Circus 1984 Angela Carter
28%
Los Siete Locos 1929 Roberto Arlt
21%
The Approach of Death 1835 (Appressamento della morte) Giacomo Leopardi
19%
Waiting 1999 (等待) Ha Jin
18%
No matching quizzes found
Score Distribution
Percent of People with Each Score
Percentile by Number Answered
Your Score History
You have not taken this quiz